<?xml version="1.0" encoding="UTF-8"?>
<record
    xmlns:xsi="http://www.w3.org/2001/XMLSchema-instance"
    xsi:schemaLocation="http://www.loc.gov/MARC21/slim http://www.loc.gov/standards/marcxml/schema/MARC21slim.xsd"
    xmlns="http://www.loc.gov/MARC21/slim">

  <leader>02837nam a22002057a 4500</leader>
  <controlfield tag="003">DO-CoUTE</controlfield>
  <controlfield tag="005">20260526175758.0</controlfield>
  <controlfield tag="008">260526b        dr ||||| |||| 00| 0 spa d</controlfield>
  <datafield tag="040" ind1=" " ind2=" ">
    <subfield code="a">DO-CoUTE</subfield>
    <subfield code="b">spa</subfield>
    <subfield code="c">DO-CoUTE</subfield>
  </datafield>
  <datafield tag="082" ind1=" " ind2=" ">
    <subfield code="a">RD320.97293S232J</subfield>
  </datafield>
  <datafield tag="100" ind1="1" ind2=" ">
    <subfield code="a">Castillo Santana, Jorge </subfield>
    <subfield code="e">Autor </subfield>
  </datafield>
  <datafield tag="245" ind1="1" ind2="0">
    <subfield code="a">Juan Bosch : </subfield>
    <subfield code="b">Utopiuas Inconclusas 2da edici&#xF3;n  / </subfield>
    <subfield code="c">Jorge Santana  Castillos</subfield>
  </datafield>
  <datafield tag="260" ind1=" " ind2=" ">
    <subfield code="a">rep&#xFA;blica dominicana ; </subfield>
    <subfield code="b">Editora Universitaria UASD </subfield>
    <subfield code="c">2023</subfield>
  </datafield>
  <datafield tag="300" ind1=" " ind2=" ">
    <subfield code="a">259 Paginas : </subfield>
    <subfield code="c">23cm, </subfield>
  </datafield>
  <datafield tag="504" ind1=" " ind2=" ">
    <subfield code="a">Incluye referencia bibliogr&#xE1;fica e &#xED;ndice.</subfield>
  </datafield>
  <datafield tag="505" ind1=" " ind2=" ">
    <subfield code="a">&#xCD;NDICE / Presentaci&#xF3;n / Pr&#xF3;logo / Introducci&#xF3;n. / Razones Metodol&#xF3;gicas / CAP&#xCD;TULO I / Proceso Hist&#xF3;rico de Construcci&#xF3;n del Pensamiento Democr&#xE1;tico en Juan Bosch / 1.1. Vida y obra pol&#xED;tica de Juan Bosch. / 1.2. Panorama de la situaci&#xF3;n pol&#xED;tica en el per&#xED;odo 1930-1965 en la Rep&#xFA;blica Dominicana / 1.3. Las primeras ideas democr&#xE1;ticas en el pensamiento pol&#xED;tico de Bosch. / 1.4. Juan Bosch y el exilio pol&#xED;tico. / 1.5. Influencias pol&#xED;ticas y filos&#xF3;ficas de Eugenio Mar&#xED;a de Hostos en el pensamiento pol&#xED;tico y filos&#xF3;fico de Juan Bosch. / 1.6. Relaciones y similitudes entre el pensamiento pol&#xED;tico y filos&#xF3;fico de Juan Bosch y el de Jean Jacques Rousseau / 1.6.1. La conciencia social en Rousseau y Bosch. / 1.6.2. Diferentes v&#xED;as de influencias roussonianas en el pensamiento democr&#xE1;tico de Bosch / CAP&#xCD;TULO II / Cimientos y Desarrollo de la Democracia en la Rep&#xFA;blica Dominicana. / 2.1. Origenes de la democracia. / 2.2. Estado y Democracia. / 2.3. Democracia y Desarrollo en Am&#xE9;rica Latina. / 2.4. El surgimiento del capitalismo en la Rep&#xFA;blica Dominicana. / CAP&#xCD;TULO III/ La concepci&#xF3;n filos&#xF3;fica y pol&#xED;tica en el pensamiento de Juan Bosch / 3.1. Principios de libertad en las ideas pol&#xED;ticas de Juan Bosch. / 3.2. Dimensi&#xF3;n &#xE9;tica y moral en el pensamiento pol&#xED;tico de Juan Bosch / 3.3. Ideas de igualdad, y justicia social, en el pensamiento pol&#xED;tico de Bosch / CAP&#xCD;TULO IV / Pr&#xE1;cticas democr&#xE1;ticas y pedag&#xF3;gicas en las ideas pol&#xED;ticas de Juan Bosch / 4.1. Filosof&#xED;a y pr&#xE1;cticas democr&#xE1;ticas en Juan Bosch. / 4.2. Juan Bosch: maestro de excepci&#xF3;n / 4.3. Pr&#xE1;cticas etnogr&#xE1;ficas en el pensamiento social y pol&#xED;tico de Bosch. / 4.4. Idea de liberaci&#xF3;n nacional en el pensamiento pol&#xED;tico de Bosch. / CAP&#xCD;TULO V / Trascendencia del pensamiento pol&#xED;tico de Juan Bosch. / 5.1. Juan Bosch, paradigma de dignidad y decoro. / 5.2. La comunicaci&#xF3;n social y la perspectiva del discurso pol&#xED;tico en Juan Bosch / 5.3. El Boschismo: una filosof&#xED;a metodol&#xF3;gica partidaria. / 5.4. Vigencia de las ideas pol&#xED;ticas de Juan Bosch, en la praxis de la pol&#xED;tica actual en Rep&#xFA;blica Dominicana. / Bibliograf&#xED;a.</subfield>
  </datafield>
  <datafield tag="650" ind1=" " ind2="5">
    <subfield code="a">Pensamiento pol&#xED;tico </subfield>
  </datafield>
  <datafield tag="700" ind1="1" ind2=" ">
    <subfield code="a">Jorge Santana Castillo </subfield>
    <subfield code="e">Autor </subfield>
  </datafield>
  <datafield tag="942" ind1=" " ind2=" ">
    <subfield code="2">ddc</subfield>
    <subfield code="c">BK</subfield>
  </datafield>
  <datafield tag="999" ind1=" " ind2=" ">
    <subfield code="c">24240</subfield>
    <subfield code="d">24240</subfield>
  </datafield>
  <datafield tag="952" ind1=" " ind2=" ">
    <subfield code="0">0</subfield>
    <subfield code="1">0</subfield>
    <subfield code="2">ddc</subfield>
    <subfield code="4">0</subfield>
    <subfield code="7">0</subfield>
    <subfield code="8">RD</subfield>
    <subfield code="a">BU</subfield>
    <subfield code="b">BU</subfield>
    <subfield code="c">GEN</subfield>
    <subfield code="d">2026-05-26</subfield>
    <subfield code="i">023756</subfield>
    <subfield code="l">0</subfield>
    <subfield code="o">RD320.97293S232J</subfield>
    <subfield code="p">023756</subfield>
    <subfield code="r">2026-05-26 17:58:31</subfield>
    <subfield code="t">Ej.1</subfield>
    <subfield code="w">2026-05-26</subfield>
    <subfield code="y">BK</subfield>
  </datafield>
</record>
